Loreto College Library, Kolkata
WEBOPAC (ONLINE PUBLIC ACCESS CATALOGUE)

Self-determination theory (Record no. 41993)

MARC details
000 -LEADER
fixed length control field 00711nam a22002177a 4500
005 - DATE AND TIME OF LATEST TRANSACTION
control field 20190320163757.0
008 - FIXED-LENGTH DATA ELEMENTS--GENERAL INFORMATION
fixed length control field 190311b xxu||||| |||| 00| 0 eng d
020 ## - ISBN | অাই এস বি এন
ISBN | অাই এস বি এন 9781462528769
PRICE Rs.5448.00
040 ## - CATALOGING SOURCE
Original cataloging agency Loreto College
041 ## - LANGUAGE CODE
Language code English
082 ## - DDC | ডিউই
Classification number | বর্গসংখ্যা 155.25
Book Number | গ্রন্থাঙ্ক RYA
100 ## - MAIN ENTRY--PERSONAL NAME | মুখ্য সংলেখ - ব্যাক্তিনাম
Personal name | ব্যাক্তিনাম Ryan,Richard M.
245 ## - TITLE STATEMENT | অাখ্যা বিবরণী
Title | অাখ্যা Self-determination theory
Sub title | উপঅাখ্যা Basic psychological needs in motivation, development, and wellness
Statement of responsibility | লেখকের দায়িত্বের বিবরণ Richard M.Ryan and Edward L.Deci
260 ## - IMPRINT | প্রকাশনা ক্ষেত্র
Place of publication | প্রকাশ স্থান New York
Name of publisher | প্রকাশকের নাম The Guilford Press
Date of publication | প্রকাশ কাল 2017
300 ## - PHYSICAL DESCRIPTION |
Page / Vol. No | পৃষ্ঠা / খন্ড সংখ্যা xii,756p
Other physical details | অনান্য বাহ্যিক বিবরণ 26cm
504 ## - BIBLIOGRAPHY, ETC. NOTE
Bibliography, etc Includes bibliographical references and index
650 ## - SUBJECT ADDED ENTRY--TOPICAL TERM | বিষয় শিরোনাম - মূল বিষয়
Topical term | মূল বিষয় Autonomy (Psychology)
700 ## - ADDED ENTRY--PERSONAL NAME | অতিরিক্ত সংলেখ - ব্
Relator code | দায়িত্ব নির্দেশক Auth
Personal name | ব্যাক্তিনাম Deci,Edward L.
850 ## - HOLDING INSTITUTION
Holding institution LCLIB
Sub Holdings PsySemLib
942 ## - ADDED ENTRY ELEMENTS (KOHA)
Koha item type Books
Holdings
Withdrawn status Lost status Source of classification Damaged status Not for loan Home library Current library Date acquired Price Total Checkouts Full call number Accession No. Date last seen Price effective from Koha item type SEMLIB Coded location qualifier
    Dewey Decimal Classification     Loreto College Loreto College 11/03/2019 5448.00   155.25 RYA 53337 PsySemLib/1168 45949 11/03/2019 11/03/2019 Books PsySemLib